| 000 | 00877nam a2200265 i 4500 | ||
|---|---|---|---|
| 001 | bg | ||
| 100 | 1 | _aKILIAN, Alina. | |
| 245 | 1 | 0 |
_aWörterbuch der Rechts- und Wirtschaftssprache. _nBd.1, _pPolnisch-Deutsch / _cvon Alina Kilian ; in zusamm. mit Götz Hanckel. |
| 246 | 1 | 1 | _aSłownik języka prawniczego i ekonomicznego |
| 260 |
_aWarszawa : _bC. H. Beck, _c2000. |
||
| 300 |
_aXIII, 465, [2] s. ; _c20 cm. |
||
| 500 | _aTyt. równol.: Słownik języka prawniczego i ekonomicznego. T. 1, polsko-niemiecki. | ||
| 650 | 9 | _aNauki ekonomiczne | |
| 650 | 9 | _aPrawo | |
| 650 | 9 | _aSłownik polsko-niemiecki | |
| 655 | _aSłowniki | ||
| 700 | 1 | _aHANCKEL, Götz. | |
| 020 | _a8371106467 (cz. 1) | ||
| 040 | _cBPK | ||
| 041 | 0 | _aplde | |
| 080 | _a34+33](038)=162.1=112.2 | ||
| 920 | _a83-7110-646-7 (cz. 1) | ||
| 942 | _cKS | ||
| 008 | s pl f |000 0 pol | ||
| 999 |
_c40023 _d40023 |
||
| 856 |
_uhttp://koha.tu.koszalin.pl/cgi-bin/koha/opac-detail.pl?biblionumber=40023 _yKatalog online BPK |
||